[Event "Open Praha 2018 - A"]
[Site "?"]
[Date "2018.01.14"]
[Round "4"]
[White "Lalic, Bogdan"]
[Black "Kareva, Natalia"]
[Result "1-0"]
[BlackElo "2207"]
[WhiteElo "2415"]
[LiveChessVersion "1.4.8"]

1. d4 {[%clk 1:21:14]} d5 {[%clk 1:30:15]} 2. c4 {[%clk 1:21:29]} c6
{[%clk 1:30:16]} 3. Nf3 {[%clk 1:21:49]} Nf6 {[%clk 1:30:26]} 4. Nc3
{[%clk 1:22:08]} e6 {[%clk 1:30:28]} 5. e3 {[%clk 1:22:29]} Nbd7 {[%clk 1:30:28]}
6. Bd3 {[%clk 1:22:49]} dxc4 {[%clk 1:29:01]} 7. Bxc4 {[%clk 1:23:12]} b5
{[%clk 1:29:27]} 8. Bd3 {[%clk 1:23:34]} a6 {[%clk 1:29:39]} 9. e4
{[%clk 1:23:55]} c5 {[%clk 1:29:50]} 10. e5 {[%clk 1:24:17]} cxd4
{[%clk 1:29:58]} 11. Nxb5 {[%clk 1:24:37]} axb5 {[%clk 1:30:16]} 12. exf6
{[%clk 1:24:59]} Qa5+ {[%clk 1:24:19]} 13. Bd2 {[%clk 1:24:39]} Qb6
{[%clk 1:24:39]} 14. fxg7 {[%clk 1:24:54]} Bxg7 {[%clk 1:25:01]} 15. O-O
{[%clk 1:25:06]} Nc5 {[%clk 1:24:34]} 16. Bf4 {[%clk 1:24:41]} Bb7
{[%clk 1:08:11]} 17. Re1 {[%clk 1:20:29]} Bd5 {[%clk 1:04:45]} 18. Be5
{[%clk 1:13:55]} Bxe5 {[%clk 1:01:55]} 19. Nxe5 {[%clk 1:14:13]} Qb7
{[%clk 0:55:05]} 20. Bf1 {[%clk 1:03:11]} Rg8 {[%clk 0:53:14]} 21. Ng4
{[%clk 0:49:12]} d3 {[%clk 0:42:59]} 22. Nf6+ {[%clk 0:47:37]} Ke7
{[%clk 0:43:22]} 23. Nxg8+ {[%clk 0:48:01]} Rxg8 {[%clk 0:43:49]} 24. g3
{[%clk 0:48:22]} Ne4 {[%clk 0:32:11]} 25. Re3 {[%clk 0:43:14]} Ng5
{[%clk 0:25:08]} 26. Rxd3 {[%clk 0:42:37]} Bc4 {[%clk 0:23:02]} 27. Bg2
{[%clk 0:41:52]} Qa7 {[%clk 0:21:30]} 28. Re3 {[%clk 0:42:04]} Rd8
{[%clk 0:20:00]} 29. Qe1 {[%clk 0:41:55]} h5 {[%clk 0:16:19]} 30. b3
{[%clk 0:40:15]} Bd5 {[%clk 0:16:21]} 31. Qb4+ {[%clk 0:39:27]} Kf6
{[%clk 0:15:15]} 32. h4 {[%clk 0:38:59]} Nh7 {[%clk 0:14:24]} 33. Rd1
{[%clk 0:37:37]} 1-0

[Event "Open Praha 2018 - A"]
[Site "?"]
[Date "2018.01.14"]
[Round "4"]
[White "Taranenko, Evgueniy"]
[Black "Chernyshov, Konstantin"]
[Result "1-0"]
[BlackElo "2480"]
[WhiteElo "2154"]
[LiveChessVersion "1.4.8"]

1. e4 {[%clk 1:30:57]} c5 {[%clk 1:30:32]} 2. Nf3 {[%clk 1:31:10]} d6
{[%clk 1:30:54]} 3. Bb5+ {[%clk 1:28:37]} Bd7 {[%clk 1:30:02]} 4. Bxd7+
{[%clk 1:28:21]} Qxd7 {[%clk 1:30:22]} 5. O-O {[%clk 1:24:27]} Nc6
{[%clk 1:30:46]} 6. c4 {[%clk 1:19:40]} g6 {[%clk 1:27:49]} 7. Nc3
{[%clk 1:15:10]} Bg7 {[%clk 1:27:36]} 8. d3 {[%clk 1:15:32]} e6 {[%clk 1:26:25]}
9. Bg5 {[%clk 1:15:12]} Nge7 {[%clk 1:25:30]} 10. Qd2 {[%clk 1:13:14]} O-O
{[%clk 1:20:09]} 11. Bh6 {[%clk 1:12:39]} f5 {[%clk 1:17:58]} 12. Bxg7
{[%clk 1:12:29]} Kxg7 {[%clk 1:18:21]} 13. Ne1 {[%clk 0:59:54]} f4
{[%clk 1:16:20]} 14. f3 {[%clk 0:56:51]} d5 {[%clk 1:11:18]} 15. cxd5
{[%clk 0:44:29]} exd5 {[%clk 1:11:41]} 16. Ne2 {[%clk 0:44:09]} Qd6
{[%clk 1:11:35]} 17. g3 {[%clk 0:41:10]} fxg3 {[%clk 0:59:59]} 18. hxg3
{[%clk 0:40:24]} dxe4 {[%clk 1:00:11]} 19. Qc3+ {[%clk 0:39:42]} Nd4
{[%clk 1:00:34]} 20. dxe4 {[%clk 0:39:46]} Rf6 {[%clk 1:00:50]} 21. Rf2
{[%clk 0:33:40]} Nxe2+ {[%clk 0:57:54]} 22. Rxe2 {[%clk 0:34:09]} Qxg3+
{[%clk 0:58:14]} 23. Rg2 {[%clk 0:34:34]} Qc7 {[%clk 0:54:35]} 24. Nd3
{[%clk 0:29:17]} Nc6 {[%clk 0:50:51]} 25. f4 {[%clk 0:20:36]} b6 {[%clk 0:47:36]}
26. f5 {[%clk 0:18:15]} Re8 {[%clk 0:43:09]} 27. Rf1 {[%clk 0:15:07]} Qd6
{[%clk 0:33:00]} 28. Nf4 {[%clk 0:10:48]} Kg8 {[%clk 0:33:25]} 29. Nh5 Rf7
{[%clk 0:29:36]} 30. fxg6 {[%clk 0:07:20]} Rxf1+ {[%clk 0:28:05]} 31. Kxf1
{[%clk 0:07:49]} Rf8+ {[%clk 0:26:07]} 32. Ke1 {[%clk 0:08:18]} Ne5
{[%clk 0:26:27]} 33. gxh7+ {[%clk 0:07:32]} Kxh7 {[%clk 0:26:49]} 34. Rg7+
{[%clk 0:06:51]} Kh8 {[%clk 0:27:15]} 35. Rg5 {[%clk 0:06:57]} Re8
{[%clk 0:27:24]} 36. Nf4 {[%clk 0:06:14]} 1-0

[Event "Open Praha 2018 - A"]
[Site "Praha (CZE)"]
[Date "2018.01.14"]
[Round "4"]
[White "Solozhenkin, Evgeniy"]
[Black "Yakimenko, Alexander A"]
[Result "1-0"]
[WhiteElo "2451"]
[BlackElo "2146"]
[PlyCount "81"]
[EventDate "2018.01.12"]

1. e4 e6 2. d4 d5 3. Nc3 Bb4 4. e5 c5 5. a3 Bxc3+ 6. bxc3 Qa5 7. Bd2 Qa4 8. Qg4
Kf8 9. Qd1 Nc6 10. Nf3 Nge7 11. Qb1 c4 12. h4 Bd7 13. h5 h6 14. g4 Ke8 15. Rg1
Kd8 16. g5 Kc7 17. gxh6 gxh6 18. Bh3 Rag8 19. Rxg8 Nxg8 20. Bf4 Rh7 21. Kd2 Rg7
22. Qe1 a5 23. Nh2 Nce7 24. Ng4 Nf5 25. Nf6 Nge7 26. Bxf5 Nxf5 27. Nxd5+ exd5
28. e6+ Kd8 29. exd7 Qxd7 30. Qe5 Rg2 31. Re1 Rxf2+ 32. Kc1 Ne7 33. Qh8+ Qe8
34. Qxe8+ Kxe8 35. Bd6 Kd7 36. Bxe7 Rf5 37. Bf8 Rxh5 38. Re7+ Kc6 39. Rxf7 Rh1+
40. Kb2 h5 41. Rf6+ 1-0

[Event "Open Praha 2018 - A"]
[Site "Praha (CZE)"]
[Date "2018.01.14"]
[Round "4"]
[White "Lindbol, Aleksander"]
[Black "Smith, Bryan"]
[Result "1-0"]
[WhiteElo "2146"]
[BlackElo "2439"]
[PlyCount "77"]
[EventDate "2018.01.12"]

1. c4 g6 2. Nc3 Bg7 3. d4 Nf6 4. e4 d6 5. Nf3 O-O 6. Be2 e5 7. O-O Nc6 8. d5
Ne7 9. Ne1 Nd7 10. Be3 f5 11. f3 f4 12. Bf2 g5 13. a4 a5 14. Nd3 b6 15. Ra3 Nf6
16. b4 axb4 17. Nxb4 Rf7 18. Nb5 Bd7 19. Qa1 g4 20. a5 g3 21. hxg3 Bxb5 22.
cxb5 Rxa5 23. g4 Rxa3 24. Qxa3 h5 25. g5 Nh7 26. Nc6 Qe8 27. Ra1 Nxg5 28. Qa8
Rf8 29. Qxe8 Rxe8 30. Ra7 Nc8 31. Rxc7 Bf6 32. Rb7 h4 33. Bxb6 h3 34. Bf2 hxg2
35. Kxg2 Kh8 36. Rb8 Rg8 37. Kf1 Nh3 38. b6 Bh4 39. b7 1-0

[Event "Open Praha 2018 - A"]
[Site "Praha (CZE)"]
[Date "2018.01.14"]
[Round "4"]
[White "Eriksson, Christian Altenburg"]
[Black "Popov, Mikhail"]
[Result "0-1"]
[WhiteElo "2140"]
[BlackElo "2416"]
[PlyCount "120"]
[EventDate "2018.01.12"]

1. e4 c6 2. d4 d5 3. e5 Bf5 4. Nf3 e6 5. Be2 Ne7 6. O-O c5 7. c3 Nec6 8. Be3
Nd7 9. Qd2 Be7 10. Na3 a6 11. Nc2 Rc8 12. dxc5 Bxc2 13. Qxc2 Ncxe5 14. Nxe5
Nxe5 15. b4 Bf6 16. Rad1 Qc7 17. a3 O-O 18. f4 Nc6 19. Kh1 Rcd8 20. Bf3 Ne7 21.
Bd4 Nf5 22. Bxf6 gxf6 23. Qc1 b6 24. cxb6 Qxb6 25. Rd3 Kh8 26. Qd2 Rg8 27. Rc1
Nd6 28. Qe2 Nc4 29. a4 Rc8 30. Rd4 Nd6 31. Rdd1 Rc4 32. Qd2 Qc7 33. Be2 Ne4 34.
Qe3 Rxc3 35. Rxc3 Qxc3 36. Qxc3 Nxc3 37. Re1 Nxe2 38. Rxe2 Rc8 39. Re1 Rc4 40.
Rb1 Rxf4 41. b5 axb5 42. axb5 Rc4 43. b6 Rc8 44. g4 Kg8 45. h4 Kf8 46. Kg2 Ke7
47. g5 fxg5 48. hxg5 Rb8 49. b7 f6 50. gxf6+ Kxf6 51. Kf3 Ke5 52. Rb6 Kd4 53.
Rxe6 Rxb7 54. Rh6 Kd3 55. Kf2 d4 56. Ke1 Rb1+ 57. Kf2 Kd2 58. Rxh7 d3 59. Rd7
Rb8 60. Kf3 Rf8+ 0-1

[Event "Open Praha 2018 - A"]
[Site "Praha (CZE)"]
[Date "2018.01.14"]
[Round "4"]
[White "Kapusta, Petr"]
[Black "Chekletsov, Ilya"]
[Result "0-1"]
[WhiteElo "2140"]
[BlackElo "2373"]
[PlyCount "74"]
[EventDate "2018.01.12"]

1. e4 c5 2. Nf3 d6 3. d4 cxd4 4. Nxd4 Nf6 5. Nc3 g6 6. Be3 Bg7 7. f3 O-O 8. Qd2
Nc6 9. O-O-O d5 10. Nxc6 bxc6 11. exd5 Nxd5 12. Nxd5 cxd5 13. Qxd5 Qc7 14. Qc5
Qb7 15. Qb5 Qc7 16. Qc5 Qb8 17. Qb5 Bb7 18. Rd7 Bc8 19. Rxa7 Bh6 20. Bxh6 Qxa7
21. Bc4 Rd8 22. Qe5 Qd4 23. Qxe7 Ra7 24. Qe2 Qh4 25. Bd2 Re7 26. Qf1 Red7 27.
Bd3 Ba6 28. Bc3 Qf4+ 29. Kb1 Rxd3 30. Qe2 Rxc3 31. Qxa6 Rc7 32. a4 Rdc8 33. Rc1
Qxh2 34. Qe2 Qf4 35. b3 Qb4 36. Qb5 Qc3 37. a5 Rc5 0-1

[Event "Open Praha 2018 - A"]
[Site "Praha (CZE)"]
[Date "2018.01.14"]
[Round "4"]
[White "Sernecki, Franciszek"]
[Black "Szpar, Milosz"]
[Result "1/2-1/2"]
[WhiteElo "2127"]
[BlackElo "2367"]
[PlyCount "39"]
[EventDate "2018.01.12"]

1. d4 Nf6 2. Nf3 g6 3. c4 Bg7 4. Nc3 O-O 5. e4 d6 6. Be2 c5 7. d5 e6 8. O-O
exd5 9. cxd5 Re8 10. Nd2 Na6 11. f3 Nc7 12. a4 a6 13. Nc4 Rb8 14. a5 Nb5 15.
Be3 Nd4 16. Bf4 Bf8 17. Be3 Bg7 18. Bf4 Bf8 19. Be3 Bg7 20. Bf4 1/2-1/2

[Event "Open Praha 2018 - A"]
[Site "Praha (CZE)"]
[Date "2018.01.14"]
[Round "4"]
[White "Pushkov, Nikolai"]
[Black "Laverton, Christian"]
[Result "1-0"]
[WhiteElo "2298"]
[BlackElo "2088"]
[PlyCount "77"]
[EventDate "2018.01.12"]

1. c4 e5 2. Nc3 Nc6 3. g3 g6 4. Bg2 Bg7 5. d3 Nge7 6. h4 h6 7. Rb1 a5 8. a3 d6
9. b4 axb4 10. axb4 Nd4 11. e3 Ne6 12. Nge2 O-O 13. Nd5 c6 14. Nxe7+ Qxe7 15.
b5 Bd7 16. bxc6 Bxc6 17. O-O f5 18. Nc3 g5 19. Nd5 Qd8 20. hxg5 hxg5 21. g4 f4
22. Be4 Nc5 23. Bf5 Bxd5 24. cxd5 Qe7 25. d4 Rxf5 26. gxf5 Ne4 27. Qd3 exd4 28.
exd4 Nf6 29. Bd2 Qf7 30. Qf3 Bh6 31. Ra1 Rd8 32. Ba5 Rd7 33. Rfe1 g4 34. Qh1 g3
35. fxg3 Qg7 36. Ra3 Ng4 37. Qe4 Rf7 38. Bd2 Qf8 39. Bxf4 1-0

[Event "Open Praha 2018 - A"]
[Site "Praha (CZE)"]
[Date "2018.01.14"]
[Round "4"]
[White "Prudnykova, Olga"]
[Black "Huse, Sigurd Kjelsbol"]
[Result "1-0"]
[WhiteElo "2280"]
[BlackElo "2086"]
[PlyCount "69"]
[EventDate "2018.01.12"]

1. b3 Nf6 2. Bb2 e6 3. e3 b6 4. Nc3 Bb7 5. d4 Be7 6. Nge2 d5 7. Qd2 Nbd7 8. f3
c5 9. O-O-O O-O 10. Kb1 a5 11. g4 a4 12. Nxa4 c4 13. Nac3 Bc6 14. bxc4 dxc4 15.
e4 Bb4 16. Qf4 b5 17. d5 exd5 18. exd5 Bb7 19. Nxb5 Bxd5 20. Nec3 Qa5 21. Nxd5
Nxd5 22. Qxc4 Ne3 23. Qd4 Qxa2+ 24. Kc1 Nf6 25. Qxe3 Rfc8 26. Bd3 Rab8 27. Qd4
Bc5 28. Qe5 Bb6 29. Rhe1 Re8 30. Qd6 Ba5 31. Rxe8+ Rxe8 32. g5 Nd5 33. Qd7 Rd8
34. Qf5 g6 35. Qe5 1-0

[Event "Open Praha 2018 - A"]
[Site "Praha (CZE)"]
[Date "2018.01.14"]
[Round "4"]
[White "Cholleti, Sahajasri"]
[Black "Lee, Qing Aun"]
[Result "1/2-1/2"]
[WhiteElo "2083"]
[BlackElo "2277"]
[PlyCount "52"]
[EventDate "2018.01.12"]

1. Nf3 Nf6 2. c4 e6 3. g3 d5 4. d4 Be7 5. Bg2 O-O 6. O-O dxc4 7. Qc2 b5 8. a4
b4 9. Qxc4 Ba6 10. Qc2 Bb7 11. Bg5 Nbd7 12. Nbd2 Rc8 13. Nb3 Be4 14. Qd1 c5 15.
dxc5 Nxc5 16. Nxc5 Bxc5 17. Ne1 Bxg2 18. Qxd8 Rfxd8 19. Kxg2 Be7 20. Nd3 h6 21.
Bxf6 Bxf6 22. Rac1 a5 23. f4 Kf8 24. Kf3 Ke7 25. Rfd1 g6 26. h3 h5 1/2-1/2

[Event "Open Praha 2018 - A"]
[Site "Praha (CZE)"]
[Date "2018.01.14"]
[Round "4"]
[White "Tarun, V Kanth"]
[Black "Burnett, Andrew"]
[Result "1-0"]
[WhiteElo "2077"]
[BlackElo "2228"]
[PlyCount "45"]
[EventDate "2018.01.12"]

1. d4 d5 2. c4 e6 3. Nc3 Bb4 4. cxd5 exd5 5. Nf3 Nf6 6. Bg5 h6 7. Bxf6 Qxf6 8.
e3 O-O 9. Be2 c6 10. O-O Bf5 11. a3 Bd6 12. b4 Qe7 13. Bd3 Bxd3 14. Qxd3 a6 15.
e4 dxe4 16. Nxe4 Rd8 17. Rfe1 Qc7 18. Neg5 g6 19. Ne6 fxe6 20. Qxg6+ Qg7 21.
Qxe6+ Kh8 22. Re4 Rg8 23. Rg4 1-0

[Event "Open Praha 2018 - A"]
[Site "Praha (CZE)"]
[Date "2018.01.14"]
[Round "4"]
[White "Soural, Jan"]
[Black "Proschmann, Tino"]
[Result "1/2-1/2"]
[WhiteElo "2227"]
[BlackElo "2061"]
[PlyCount "125"]
[EventDate "2018.01.12"]

1. d4 d5 2. c4 c6 3. Nf3 Nf6 4. e3 Bg4 5. h3 Bh5 6. Qb3 Qb6 7. Nc3 e6 8. Ne5
Nfd7 9. Nd3 Bg6 10. c5 Qxb3 11. axb3 Na6 12. Nf4 Nb4 13. Nxg6 hxg6 14. Ra4 a5
15. Kd1 b6 16. cxb6 Nxb6 17. Ra1 f5 18. Bd2 Kd7 19. Be2 Be7 20. Na2 Nxa2 21.
Rxa2 Bb4 22. Kc2 Kc7 23. Rha1 Kd6 24. Bc3 Rhe8 25. Bd3 Rh8 26. Bf1 Rhe8 27. Bd3
Rh8 28. Bf1 Rhe8 29. Be2 Rh8 30. f3 Rhf8 31. Bd3 Kd7 32. Bxb4 axb4 33. Ra7+ Kd6
34. R1a6 Rxa7 35. Rxa7 Nd7 36. Ra4 Rb8 37. Ra7 g5 38. Kd2 Rf8 39. Ra6 Rb8 40.
Ra7 Rf8 41. Ke2 g6 42. Ra4 Rb8 43. Ra7 Rf8 44. e4 e5 45. exd5 exd4 46. dxc6
Kxc6 47. Bb5+ Kxb5 48. Rxd7 Kc5 49. Kd3 g4 50. Rxd4 gxh3 51. gxh3 Ra8 52. Rc4+
Kb5 53. Rc2 Ra1 54. Rg2 Rh1 55. Rxg6 Rxh3 56. Ke3 Rh2 57. Rg5 Rxb2 58. Rxf5+
Kc6 59. Kd4 Rxb3 60. Kc4 Rb1 61. Rf6+ Kd7 62. Rb6 Rf1 63. Rxb4 1/2-1/2

[Event "Open Praha 2018 - A"]
[Site "Praha (CZE)"]
[Date "2018.01.14"]
[Round "4"]
[White "Krivanek, Vladimir"]
[Black "Chudinovskikh, Alexander M"]
[Result "1-0"]
[WhiteElo "2076"]
[BlackElo "2225"]
[PlyCount "68"]
[EventDate "2018.01.12"]

1. e3 g6 2. d4 Bg7 3. Nd2 Nf6 4. Bd3 O-O 5. h4 h5 6. c4 d6 7. Ngf3 Bg4 8. Qb3
b6 9. Ng5 c5 10. f3 Bd7 11. d5 Na6 12. Nde4 Nb4 13. Be2 a5 14. a3 a4 15. Qd1
Na6 16. g4 Nxe4 17. Nxe4 hxg4 18. fxg4 Nc7 19. h5 gxh5 20. Rxh5 f5 21. Ng5 Be8
22. gxf5 Bxh5 23. Bxh5 Rxf5 24. e4 Rf6 25. e5 dxe5 26. Qd3 e4 27. Nxe4 Rf5 28.
Bg5 Qf8 29. O-O-O Rxg5 30. Nxg5 Qf4+ 31. Qd2 Rf8 32. Qxf4 Rxf4 33. d6 Rxc4+ 34.
Kb1 exd6 1-0

[Event "Open Praha 2018 - A"]
[Site "Praha (CZE)"]
[Date "2018.01.14"]
[Round "4"]
[White "Hansen, Hans-Peter"]
[Black "Plasil, Petr"]
[Result "1/2-1/2"]
[WhiteElo "2223"]
[BlackElo "2045"]
[PlyCount "49"]
[EventDate "2018.01.12"]

1. c4 Nf6 2. Nc3 d5 3. cxd5 Nxd5 4. g3 g6 5. Bg2 Nb6 6. d3 Bg7 7. Be3 O-O 8.
Qd2 N8d7 9. Nf3 Nf6 10. Bh6 c5 11. Bxg7 Kxg7 12. O-O h6 13. Qe3 c4 14. Rfd1
cxd3 15. Rxd3 Qe8 16. Ne5 Rb8 17. Qc5 Be6 18. Rad1 Rc8 19. Qa5 Nc4 20. Nxc4
Bxc4 21. R3d2 Ba6 22. Ne4 Qc6 23. Nxf6 Qxf6 24. e3 Rfe8 25. b3 1/2-1/2

[Event "Open Praha 2018 - A"]
[Site "Praha (CZE)"]
[Date "2018.01.14"]
[Round "4"]
[White "Novy, Filip"]
[Black "Krishnater, Kushager"]
[Result "1/2-1/2"]
[WhiteElo "2217"]
[BlackElo "2021"]
[PlyCount "48"]
[EventDate "2018.01.12"]

1. d4 Nf6 2. c4 e6 3. Nf3 c5 4. Nc3 cxd4 5. Nxd4 Bb4 6. Ndb5 d5 7. Bf4 O-O 8.
e3 Nc6 9. a3 Ba5 10. b4 a6 11. Nd4 Bc7 12. Bxc7 Qxc7 13. c5 e5 14. Nf3 d4 15.
exd4 exd4 16. Na4 Bf5 17. Bd3 Rfe8+ 18. Kf1 Bg4 19. Nb6 Rad8 20. Nc4 Qf4 21.
Qd2 Nd5 22. Qxf4 Nxf4 23. Rd1 Be6 24. Nb6 Bb3 1/2-1/2

[Event "Open Praha 2018 - A"]
[Site "Praha (CZE)"]
[Date "2018.01.14"]
[Round "4"]
[White "Ranaldi, Lucas"]
[Black "Pribyl, Viktor"]
[Result "1-0"]
[WhiteElo "2212"]
[BlackElo "2011"]
[PlyCount "59"]
[EventDate "2018.01.12"]

1. c4 e5 2. g3 d6 3. Nc3 f5 4. d4 c6 5. Nf3 e4 6. Ng5 d5 7. cxd5 cxd5 8. Qb3
Nf6 9. Nh3 Nc6 10. Bg5 Bb4 11. e3 O-O 12. Nf4 Bxc3+ 13. Qxc3 h6 14. Bxf6 Rxf6
15. Nxd5 Rd6 16. Nf4 g5 17. Bc4+ Kh7 18. Ng2 f4 19. gxf4 Bh3 20. Bf1 Nxd4 21.
exd4 Rc8 22. Qa3 Rxd4 23. fxg5 Rc2 24. Ne3 Ra4 25. g6+ Kg7 26. Rd1 Qh4 27. Nxc2
Rxa3 28. bxa3 Bg4 29. Ne3 Bxd1 30. Nf5+ 1-0

[Event "Open Praha 2018 - B"]
[Site "Praha (CZE)"]
[Date "2018.01.13"]
[Round "3"]
[White "Matys, Jakub"]
[Black "Bakalar, Jan"]
[Result "1/2-1/2"]
[WhiteElo "1757"]
[BlackElo "1946"]
[PlyCount "45"]
[EventDate "2018.01.12"]

1. Nf3 d5 2. g3 c6 3. d4 Nf6 4. Bg2 e6 5. O-O Nbd7 6. c4 dxc4 7. Bg5 h6 8. Bxf6
gxf6 9. Qc2 Nb6 10. Nbd2 Bg7 11. Nxc4 Nxc4 12. Qxc4 O-O 13. e4 e5 14. dxe5 fxe5
15. Rfd1 Qe7 16. Rd3 Be6 17. Qc3 Rfd8 18. Rxd8+ Rxd8 19. Nxe5 Bc8 20. f4 Bxe5
21. fxe5 Re8 22. Rd1 Kg7 23. e6+ 1/2-1/2

[Event "Open Praha 2018 - B"]
[Site "Praha (CZE)"]
[Date "2018.01.13"]
[Round "3"]
[White "Pyzio, Amelia"]
[Black "Kylar, Miroslav"]
[Result "0-1"]
[WhiteElo "1651"]
[BlackElo "1877"]
[PlyCount "46"]
[EventDate "2018.01.12"]

1. e4 c6 2. d4 d6 3. f4 Nd7 4. Nf3 h6 5. Bc4 g6 6. Be3 Bg7 7. O-O Ngf6 8. e5
Ng4 9. Bc1 d5 10. Bb3 h5 11. Qd3 b6 12. e6 Ndf6 13. exf7+ Kxf7 14. h3 Bf5 15.
Qe2 Ne4 16. hxg4 hxg4 17. Ne5+ Bxe5 18. fxe5 Rh1+ 19. Kxh1 Ng3+ 20. Kg1 Nxe2+
21. Kf2 Nxc1 22. Rxc1 e6 23. Rh1 Qg5 0-1

[Event "Open Praha 2018 - B"]
[Site "Praha (CZE)"]
[Date "2018.01.13"]
[Round "3"]
[White "Nemecek, Lukas"]
[Black "Nemecek, Pavel"]
[Result "1/2-1/2"]
[WhiteElo "1639"]
[BlackElo "1846"]
[PlyCount "38"]
[EventDate "2018.01.12"]

1. e4 e6 2. d4 d5 3. exd5 exd5 4. c4 Nf6 5. Nc3 Be7 6. Nf3 O-O 7. Bd3 Be6 8. b3
Bb4 9. Bd2 dxc4 10. bxc4 Re8 11. O-O Bg4 12. d5 Nbd7 13. Rb1 Bc5 14. Na4 b6 15.
Bc3 Ne4 16. h3 Nxc3 17. Nxc3 Bh5 18. Ne4 Bf8 19. Ng3 Nf6 1/2-1/2

[Event "Open Praha 2018 - B"]
[Site "Praha (CZE)"]
[Date "2018.01.13"]
[Round "3"]
[White "Gunyecz, Zoltan Dr"]
[Black "Krobot, Jan"]
[Result "1-0"]
[WhiteElo "1977"]
[BlackElo "1677"]
[PlyCount "77"]
[EventDate "2018.01.12"]

1. d4 Nf6 2. c4 e6 3. Nf3 d5 4. cxd5 exd5 5. Nc3 c6 6. Bg5 Bf5 7. e3 Be7 8. Bd3
Bxd3 9. Qxd3 Nbd7 10. O-O O-O 11. Rfc1 Ne4 12. Bf4 f5 13. Ne5 g5 14. Nxd7 Qxd7
15. Be5 g4 16. Ne2 Bd6 17. Bf4 h5 18. f3 gxf3 19. gxf3 Bxf4 20. Nxf4 Qg7+ 21.
Kf1 Nd6 22. Ne6 Qg6 23. Nxf8 Rxf8 24. Kf2 Ne4+ 25. Kf1 Rf7 26. Rc2 Rg7 27. Ke1
Qg1+ 28. Qf1 Qxe3+ 29. Re2 Qxd4 30. fxe4 Rg1 31. Rg2+ Rxg2 32. Qxg2+ Kh7 33.
exf5 Qb4+ 34. Kf1 Qf4+ 35. Qf2 Qc4+ 36. Kg1 Qg4+ 37. Kh1 Qe4+ 38. Qg2 Qxf5 39.
Rf1 1-0

[Event "Open Praha 2018 - B"]
[Site "Praha (CZE)"]
[Date "2018.01.13"]
[Round "3"]
[White "Badik, Maksym"]
[Black "Privoznik, Lubos"]
[Result "1/2-1/2"]
[WhiteElo "1928"]
[BlackElo "1661"]
[PlyCount "70"]
[EventDate "2018.01.12"]

1. e4 c6 2. d4 d5 3. Nc3 dxe4 4. Nxe4 Bf5 5. Ng3 Bg6 6. h4 h6 7. Nf3 e6 8. Bd3
Bxd3 9. Qxd3 Nd7 10. Bd2 Ngf6 11. O-O-O c5 12. Bc3 Nd5 13. dxc5 Nxc5 14. Qe2
Qe7 15. Be5 f6 16. Bd4 Kf7 17. Rhe1 Rc8 18. Bxc5 Rxc5 19. Nd4 Nf4 20. Qf3 Qc7
21. Ne4 Rd5 22. Nc3 Rc5 23. g3 e5 24. Nb3 Rxc3 25. Qxc3 Qxc3 26. bxc3 Ba3+ 27.
Kb1 Ne6 28. Rd7+ Kg6 29. Rxb7 a6 30. Rd7 Rc8 31. Re3 Rb8 32. Rd5 Nc5 33. Ka1
Rb5 34. Nxc5 Bb2+ 35. Kb1 Ba3+ 1/2-1/2

[Event "Open Praha 2018 - B"]
[Site "Praha (CZE)"]
[Date "2018.01.13"]
[Round "3"]
[White "Bublik, Frantisek"]
[Black "Mach, Petr"]
[Result "1/2-1/2"]
[WhiteElo "1848"]
[BlackElo "1636"]
[PlyCount "71"]
[EventDate "2018.01.12"]

1. f4 d5 2. Nf3 Nf6 3. b3 Bf5 4. e3 e6 5. Bb2 Bd6 6. Nc3 O-O 7. Be2 Nbd7 8. Nh4
Be4 9. Nxe4 Nxe4 10. Nf3 c5 11. O-O Qe7 12. d3 Nef6 13. Ne5 Bc7 14. Qe1 Nxe5
15. fxe5 Nd7 16. Qg3 f5 17. d4 a6 18. a4 Bd8 19. c4 dxc4 20. bxc4 Qg5 21. Qf3
Rb8 22. d5 Re8 23. d6 Ba5 24. e4 Rf8 25. Qh3 Qd2 26. exf5 Qxb2 27. fxe6 Qxe5
28. Bd3 g6 29. exd7 Qxd6 30. Rfd1 Qd4+ 31. Kh1 Qf6 32. Rab1 Bc3 33. Be4 b5 34.
axb5 axb5 35. g3 b4 36. Rf1 1/2-1/2

[Event "Open Praha 2018 - B"]
[Site "Praha (CZE)"]
[Date "2018.01.13"]
[Round "3"]
[White "Koper, Stefan"]
[Black "Qabazard, Mohamed"]
[Result "1-0"]
[WhiteElo "1840"]
[BlackElo "1616"]
[PlyCount "55"]
[EventDate "2018.01.12"]

1. d4 d5 2. c4 c6 3. cxd5 cxd5 4. Nc3 Nf6 5. Nf3 Nc6 6. Bf4 a6 7. e3 e6 8. Bd3
Bd6 9. Bg3 b5 10. a3 Bb7 11. b4 Rc8 12. Qb3 O-O 13. Rd1 Qe7 14. O-O Bxb4 15.
axb4 Ng4 16. Ne2 g5 17. e4 Qf6 18. e5 Qh6 19. Bb1 f5 20. exf6 Rxf6 21. Rfe1 Qh5
22. Rd3 Rh6 23. Kf1 Rf8 24. Neg1 Rhf6 25. Re2 Qe8 26. Qc3 Rxf3 27. gxf3 Nxh2+
28. Ke1 1-0

[Event "Open Praha 2018 - B"]
[Site "Praha (CZE)"]
[Date "2018.01.13"]
[Round "3"]
[White "Kolmas, Oldrich"]
[Black "Marjanovic, Alex"]
[Result "1-0"]
[WhiteElo "1795"]
[BlackElo "1429"]
[PlyCount "57"]
[EventDate "2018.01.12"]

1. e4 c5 2. Nf3 Nc6 3. Bb5 Na5 4. O-O a6 5. Be2 b5 6. d4 e6 7. a3 Bb7 8. Nbd2
Nf6 9. e5 Nd5 10. dxc5 Bxc5 11. b4 Nxb4 12. axb4 Bxb4 13. Bb2 O-O 14. Nb3 Nc6
15. c4 bxc4 16. Bxc4 f6 17. exf6 Rxf6 18. Bxf6 gxf6 19. Nbd4 Na5 20. Ba2 Bc3
21. Rc1 Bxf3 22. Nxf3 Bb4 23. Nh4 Be7 24. Nf5 Kh8 25. Nxe7 Qxe7 26. Rc7 Rd8 27.
Re1 Qe8 28. Qf3 f5 29. Qc3+ 1-0

[Event "Open Praha 2018 - B"]
[Site "Praha (CZE)"]
[Date "2018.01.13"]
[Round "3"]
[White "Kovar, Zdenek"]
[Black "Dindera, Jaroslav"]
[Result "1-0"]
[WhiteElo "1750"]
[BlackElo "1547"]
[PlyCount "49"]
[EventDate "2018.01.12"]

1. d4 d5 2. c4 e6 3. Nc3 Bb4 4. Nf3 Bxc3+ 5. bxc3 Nc6 6. cxd5 exd5 7. Qc2 h6 8.
e3 Nf6 9. Ba3 a6 10. Bd3 Bg4 11. Nd2 Qd7 12. Rb1 b5 13. f3 Be6 14. Nb3 Qc8 15.
O-O Nd7 16. e4 Nb6 17. Rfe1 Ne7 18. exd5 Bxd5 19. Rxe7+ Kd8 20. Be4 Nc4 21. Bc5
Nd6 22. Bxd5 Kxe7 23. Re1+ Kd7 24. Na5 Kd8 25. Nc6+ 1-0

[Event "Open Praha 2018 - B"]
[Site "Praha (CZE)"]
[Date "2018.01.14"]
[Round "4"]
[White "Prudnikov, Andrey"]
[Black "Rysaev, Danial"]
[Result "1-0"]
[WhiteElo "2022"]
[BlackElo "1818"]
[PlyCount "41"]
[EventDate "2018.01.12"]

1. e4 e6 2. d4 d5 3. Nd2 Nf6 4. Bd3 c5 5. c3 Nc6 6. Ngf3 cxd4 7. cxd4 Bb4 8. e5
Ne4 9. O-O Nxd2 10. Bxd2 Qb6 11. Be3 Bd7 12. a3 Be7 13. b4 Nd8 14. b5 Rc8 15.
a4 Qa5 16. Qb3 Bb4 17. Rfb1 Bc3 18. Ra2 a6 19. Rc2 axb5 20. axb5 O-O 21. Rbc1
1-0

[Event "Open Praha 2018 - B"]
[Site "Praha (CZE)"]
[Date "2018.01.14"]
[Round "4"]
[White "Kylar, Miroslav"]
[Black "Sadzikowski, Marian"]
[Result "1-0"]
[WhiteElo "1877"]
[BlackElo "1880"]
[PlyCount "31"]
[EventDate "2018.01.12"]

1. d4 b6 2. Bf4 Bb7 3. e3 e6 4. Nf3 Be7 5. Bd3 g5 6. Be5 Bf6 7. Nxg5 Bxe5 8.
Qh5 Qe7 9. dxe5 h6 10. Nxf7 Kf8 11. Nxh8 Kg7 12. Ng6 Qb4+ 13. Nd2 Qxb2 14. O-O
Bc6 15. Qg4 Kf7 16. Nh8+ 1-0

[Event "Open Praha 2018 - B"]
[Site "Praha (CZE)"]
[Date "2018.01.14"]
[Round "4"]
[White "Zeliantsova, Kseniya"]
[Black "Marinc, Damir"]
[Result "1-0"]
[WhiteElo "1788"]
[BlackElo "1964"]
[PlyCount "37"]
[EventDate "2018.01.12"]

1. e4 e6 2. d3 d5 3. Nd2 Nc6 4. Ngf3 dxe4 5. dxe4 e5 6. Bb5 Qe7 7. Bxc6+ bxc6
8. Qe2 a5 9. Qe3 f6 10. a4 Be6 11. O-O Qc5 12. Qxc5 Bxc5 13. c3 Ne7 14. Ne1 O-O
15. Nd3 Bb6 16. b4 Rfd8 17. Nb2 Nc8 18. Nf3 Nd6 19. Re1 1-0